000 01069cam a22002651i 4500
003 SA-RiAUC
005 20250118061843.0
008 250113s1984 jo bo g b 00000 ara c
040 _aSA-RiAUC
_bara
_cSA-RiAUC
_erda
082 0 4 _a219.3
_qSA-RiAUC
090 _a219.3
_bش و ا
100 1 _aالشوابكة، أحمد فهد
_eمؤلف.
245 1 0 _aحركة الجامعة الإسلامية /
_cأحمد فهد بركات الشوابكة.
250 _aالطبعة الأولى.
264 1 _aالزرقاء، الأردن ؛
_aدمشق :
_bمكتبة المنار،
_c1984
300 _a376 صفحة :
_bإيضاحيات ؛
_c24 سم
336 _aنص
_btxt
_2rdacontent
_3كتاب
337 _aبدون وسيط
_bn
_2rdamedia
338 _aمجلد
_bnc
_2rdacarrier
504 _aببليوجرافية : صفحة 343-366.
610 2 7 _aالجامعة الإسلامية بالمدينة المنورة
_2aucnm
650 7 _aالإسلام والإصلاح السياسي
_2aucsh
942 _2ddc
_cBOOK
_n0
949 _aSA-JeALM
_d250113
_umohamedma123
_n1
999 _c4909
_d4909